Statistics for The Soccer Quiz for Americans

Click here to take the quiz!

General Stats

  • This quiz has been taken 82 times
  • The average score is 13 of 16

Answer Stats

HintAnswer% Correct
In many confused countries around the world, soccer is called ________.football
100%
In soccer, you're not allowed to touch the ball with your _____.hands
99%
The big soccer championship that everyone else gets so excited about every 4 years is called the _____ ___.World Cup
92%
Name a country that you think is probably pretty good at soccer. Like, they’ve won the championship mentioned above (men’s version) before.Brazil, Italy, Germany, etc.
90%
Unlike the U.S. men’s team, the U.S. women’s team actually doesn’t suck! They’ve even won the championship mentioned above! How many times have they done that?3
89%
The international governing body of soccer is called ____, but you probably know it better as the name of the EA soccer video game series.FIFA
87%
CHALLENGE: Name a team that has won the English Premier League by randomly typing in cities in England.Manchester United, Manchester City, etc.
82%
This Brazilian man is generally considered the greatest soccer player of all time, so you’ve probably even heard of him.Pelé
81%
This Englishman was a very good soccer player. He married a Spice Girl, and they made a movie with his name in it. Then, after he got old and wasn’t good anymore, he came to play in the U.S.David Beckham
78%
For some stupid reason, soccer games are allowed to end in a ___.tie
75%
Unless you are the ______.goalie
73%
This sport, which is basically just soccer on ice, is much better than soccer because it is more violent.Hockey
71%
There’s actually a professional soccer league in the U.S.! What’s it called?Major League Soccer
71%
This Harry Potter sport would essentially just be flying soccer if you ignored the snitch and the bludgers.Quidditch
68%
The most important skill for a soccer player is pretending to be _______.injured
67%
Can you name any champion of this league from the past ten years?Toronto FC, Seattle Sounders FC, etc.
61%

Score Distribution

Percentile by Number Answered

Percent of People with Each Score

Your Score History

You have not taken this quiz